00529 2200229 4500001002100000005001500021035002000036245004800056100001600104250000600120300004100126856000600167700000600173260004100179082000800220084001400228020001500242600001600257520000600273990001000279990001000289INLIS00000000003546220240318115250 a0010-03240001251 aANOTHER SERENDIPITY :b- /cMEDIA PRESSINDO0 aLIA PERMATA a- aIV+196 HLM :b- ;c11.5 X 18.5 cme- a-0 a- aYogyakarta :bMEDIA PRESSINDO,c2012 a813 a813 LIA a a9799111579 4aLIA PERMATA a- a56059 a56059